00920nam a22002297a 4500001000500000005001700005020001800022040002900040050000800069082001000077100002100087245010700108260005300215300006100268505000600329520013400335521002700469521002700496942001500523999001500538952013700553120020230926102537.0 a9780764163203 aFISKHbengcFISKHdFISKH aPZ7 a398.2 aPirotta, Saviour aIf you love a mermaid tale /bThe little mermaid and the magic shellcIllustrated by Susanna Lockheart aHauppauge :bBarron's Educational Series,c2010. a27 unnumbered pages :bcolor illustrations,c24 x 31 cm. aH aTwo captivating mermaid tales feature artist Susanna Lockheart's beautifully atmospheric and highly detailed color illustrations. a530 bLexile estimate aH bRaz-Plus estimate 2ddccBKn0 c1200d1200 00102ddc40708JUVFa001b001cTK Yellowd2023-08-08l2oPIR 398.2 PZ7p2023-0205r2024-01-12 11:06:28s2024-01-05w2023-08-08yBK